Medidas cautelares en el régimen de patentes /

Guardado en:
Autor Principal: Correa, Carlos María, (coord.)
Otros Autores: Cassagne, Juan Carlos, Kors, Jorge Alberto, Moncayo, Guillermo R., Moncayo von Hase, Andrés, Negro, Sandra Cecilia, Vera, Paula de
Formato: Libro
Idioma:Spanish
Publicado: Buenos Aires : Lexis Nexis, 2006.
Edición:1a. ed.
Materias:
Etiquetas: Agregar Etiqueta
Sin Etiquetas, Sea el primero en etiquetar este registro!
LEADER 00731nam a22002295a 4500
001 DER.der003327
008 180615s2006####ag#||||||||||||||#||spa||
005 20251020123417.0
245 1 0 |a Medidas cautelares en el régimen de patentes /  |c coordinado por Carlos María Correa. 
250 |a 1a. ed. 
260 |a Buenos Aires :  |b Lexis Nexis,  |c 2006. 
300 |a 280 p. 
020 |a 9785921505 
100 1 |a Correa, Carlos María,  |e coord. 
700 1 |a Cassagne, Juan Carlos 
700 1 |a Kors, Jorge Alberto 
700 1 |a Moncayo, Guillermo R. 
700 1 |a Moncayo von Hase, Andrés 
700 1 |a Negro, Sandra Cecilia 
700 1 |a Vera, Paula de 
650 7 |a DERECHOS PROCESAL CIVIL 
859 |a DERECHO  |b BIB. DERECHO  |h 347.05  |i COR  |p 005165